[Event "Vrnjacka Banja"]
[Site "Vrnjacka Banja"]
[Date "1991.??.??"]
[Round "4"]
[White "Huzman, Alexander"]
[Black "Cvetkovic, Srdjan"]
[Result "1-0"]
[WhiteElo "2475"]
[BlackElo "2470"]
[Annotator "Ftacnik,L"]
[PlyCount "73"]
[EventDate "1991.04.??"]
[EventType "tourn"]
[EventRounds "15"]
[EventCountry "YUG"]
[EventCategory "9"]
[SourceTitle "CBM 023"]
[Source "ChessBase"]
[SourceDate "1991.08.01"]
[SourceVersion "1"]
[SourceVersionDate "1991.08.01"]
[SourceQuality "1"]

1. d4 Nf6 2. c4 e6 3. Nc3 d5 4. cxd5 exd5 5. Bg5 c6 6. Qc2 Na6 7. e3 Nb4 8. Qd2
Be7 (8... Bf5 9. Rc1 a5 10. a3 Na6 11. Bxa6 Rxa6 12. Nge2 Be7 13. Ng3 Be6 14.
Na4 Nd7 15. Bxe7 Qxe7 16. O-O $14 {Zueger,B-Bex,P/Bern/1988/ ->CBM 08}) 9. a3
Qa5 10. Rc1 Na6 11. Bd3 b5 $6 (11... O-O $14) 12. Nge2 b4 13. Na2 $1 c5 (13...
Ne4 14. Bxe4 Bxg5 15. Bd3 Qb6 16. Bxa6 Bxa6 17. Nxb4 Bc4 18. O-O $16) 14. Bxf6
Bxf6 15. Bxa6 Qxa6 16. Rxc5 bxa3 17. bxa3 Qxa3 18. O-O Be6 (18... Be7 19. Ra5
Qd6 20. Nf4 Bb7 21. Rb1 $16) 19. Ra5 Qd6 20. Qb4 Qxb4 (20... Be7 21. Qxd6 Bxd6
22. Nec3 Bc7 23. Rb5 a6 24. Rb7 $16 (24. Nxd5 $2 axb5 25. Nxc7+ Kd7 26. Nxa8
Bxa2)) 21. Nxb4 Bd8 22. Ra6 Bb6 23. Nf4 O-O-O (23... Rd8 24. Nc6 Rd7 25. Rfa1
$16) 24. Nfd3 Rd7 (24... Rhe8 25. Rc1+ Kb7 26. Nc5+ $16) 25. Nc5 Rc7 26. Rfa1
Bxc5 (26... Rd8 27. Rxb6 $1 Rxc5 28. Rxe6 Rb5 29. Nc6 fxe6 30. Nxa7+ $18) 27.
dxc5 Rxc5 28. Rxa7 Kd8 (28... Rd8 29. Na6 Rc6 30. Rb1 $18) 29. Nd3 Rc7 30. Nf4
Rxa7 $2 (30... Re8 $16) 31. Rxa7 Re8 32. Nxe6+ Rxe6 33. Rxf7 Rg6 34. f4 Ke8 35.
Ra7 h5 36. Kf2 h4 37. Kf3 {Ftacnik,L} 1-0

[Event "Halle DSV International-04"]
[Site "Halle/Saale"]
[Date "1981.06.22"]
[Round "7"]
[White "Knaak, Rainer"]
[Black "Malich, Burkhard"]
[Result "1-0"]
[WhiteElo "2495"]
[BlackElo "2470"]
[Annotator "Gagarin,V"]
[PlyCount "79"]
[EventDate "1981.06.16"]
[EventType "tourn"]
[EventRounds "13"]
[EventCountry "DDR"]
[EventCategory "8"]
[SourceTitle "MCL"]
[Source "ChessBase"]
[SourceDate "1999.07.01"]
[SourceVersion "1"]
[SourceVersionDate "1999.07.01"]
[SourceQuality "1"]

1. d4 d5 2. c4 c6 3. Nf3 Nf6 4. Nc3 e6 5. Bg5 Nbd7 6. cxd5 exd5 7. e3 Be7 8.
Qc2 Nf8 (8... Nh5 9. Bxe7 Qxe7 10. O-O-O (10. Be2 g6 11. O-O O-O 12. a3 a5 13.
Na4 Ng7 $10) 10... Nb6 11. Bd3 Be6 12. Kb1 O-O $10 {Bagirov,V-Nei,I/URS-ch/
1960/}) 9. h3 $5 (9. Bd3 Ne6 10. Bh4 (10. h4 h6 11. Bxf6 Bxf6 12. O-O-O Nc7 13.
h5 Bg4 14. Kb1 (14. Bf5 Bxf5 15. Qxf5 Qd7 $10) 14... O-O 15. Ne2 Nb5 16. Ne5
Bxe5 17. dxe5 $13 {Bronstein,D-Stalberg,G/Zurich ct/1953/1/2-1/2/63/}) (10.
Bxf6 Bxf6 11. O-O g6 12. b4 a6 13. a4 $14) 10... g6 11. O-O (11. O-O-O Ng7 (
11... O-O 12. Kb1 Ng7 13. h3 Bf5 14. Bxf6 Bxf6 15. g4 Bxd3 16. Qxd3 Ne6 17. h4
$16 {Reshevsky,S-Stalberg,G/Kemeri/1937/1/2-1/2/56/}) 12. h3 Bf5 13. g4 Bxd3
14. Qxd3 $14) (11. h3 Ng7 (11... Nh5 12. Bxe7 Qxe7 13. O-O-O Nf6 (13... O-O 14.
g4 Nhg7 15. h4 $40) 14. g4 Ng7 15. Ne5 Nd7 16. f4 Nxe5 17. dxe5 $14) 12. g4 Be6
(12... O-O 13. O-O-O $14) 13. O-O-O Nd7 14. Bg3 O-O (14... Qa5 15. Kb1 b5 $13)
15. Kb1 Rc8 16. Qb3 b5 17. Rc1 a5 18. Qd1 a4 $13 {Hort,V-Beliavsky,A/Munich/
1991/}) 11... Ng7 (11... O-O 12. Rab1 Ng4 (12... a5 13. a3 Ng7 14. b4 axb4 15.
axb4 Bf5 $14) (12... Nh5 13. Bxe7 Qxe7 14. b4 $14) 13. Bxe7 Qxe7 14. h3 $14)
12. b4 a6 (12... Bxb4 $2 13. Bxf6 Qxf6 14. Nxd5 $16) (12... O-O 13. b5 $14) 13.
Rab1 (13. Bxf6 Bxf6 14. a4 Bf5 15. b5 O-O 16. bxc6 bxc6 17. Rab1 $14 {
Botvinnik,M-Keres,P/URS(ch)/1941/0,5 (20)/}) 13... Bf5 14. a4 O-O 15. b5 (15.
Bxf5 Nxf5 16. Bxf6 Bxf6 17. b5 $14) 15... axb5 16. axb5 Rc8 (16... Bxd3 17.
Qxd3 Nd7 (17... Nf5 18. Bxf6 (18. Bg3 $14) 18... Bxf6 19. Rfc1 $14 {Timman,
J-Andersson,U/Tilburg/1987/0,5 (60) Inf 44/492/}) 18. Bxe7 Qxe7 19. bxc6 bxc6
$14) 17. Rfc1 Bxd3 18. Qxd3 Nf5 19. Bxf6 Bxf6 20. Na4 $1 $14 {Novikov,
I-Kharitonov,A/Sevastopol/0,5 (52) Inf 42/518/}) 9... Ne6 10. Bh4 Nh5 (10... g6
11. Bd3 Ng7 12. g4 Be6 $13 {- 9.Bd3}) 11. Bxe7 Qxe7 12. O-O-O Nf6 (12... g6 13.
Ne5 Nf6 $14 {/\ Ng7}) 13. Ne5 O-O (13... g6 $5 $14 {/\ Ng7}) 14. f4 Rd8 15. g4
Nd7 (15... c5 16. g5 $16) 16. Bd3 Nef8 17. g5 Nxe5 18. dxe5 $36 Qc5 19. Qf2 $1
b5 (19... a5 $5 {/\ a4-a3}) 20. Bc2 Qe7 21. Ne2 a5 22. Nd4 Bd7 23. Qg3 Re8 24.
h4 a4 25. h5 a3 26. b3 c5 27. Nf3 c4 28. Nd4 Rac8 29. Kb1 Qb4 30. e4 dxe4 (
30... cxb3 $2 31. Bxb3 dxe4 32. g6 hxg6 33. hxg6 Nxg6 34. Qxg6 Qxb3+ 35. Nxb3
fxg6 36. Rxd7 $18) 31. g6 hxg6 (31... fxg6 $2 32. hxg6 Nxg6 33. e6 Bxe6 34.
Nxe6 Rxe6 35. f5 $16) 32. hxg6 Nxg6 (32... fxg6 $2 33. Bxe4 $16) 33. f5 (33. e6
$5 Bxe6 $1 (33... fxe6 $2 34. Rhg1 $1 (34. Qxg6 $2 Qc3 $10) 34... cxb3 35. Bxb3
Qc3 36. Qxc3 Rxc3 37. Rxg6 $18) 34. Nxe6 (34. f5 $2 cxb3 $1) 34... fxe6 (34...
Rxe6 $2 35. f5 $16) (34... cxb3 $5 35. Qxb3 (35. Bxb3 $2 Rc3) 35... Qxb3+ 36.
Bxb3 fxe6 37. f5 Nf8 38. fxe6 Re7 $44) 35. Qxg6 (35. Qh3 $5 $44) 35... Qc3 36.
Qh7+ Kf8 $8 37. Qh8+ Ke7 $8 38. Qh4+ Kf8 39. Qh8+ $10) 33... cxb3 34. Bxb3 Bxf5
$3 $10 (34... Rc3 $2 35. Qh2 Rxb3+ 36. axb3 $18 a2+ 37. Qxa2 Nxe5 38. Qh2 $18)
(34... Nxe5 $2 35. Rdg1 Qf8 36. Qh4 $18) 35. Nxf5 (35. Qh2 $5 {/\ Nf5, /\ 36.
Qh7 Kh8 37.Qh8!} e3+ $1 (35... Rxe5 $2 36. Nxf5 Rxf5 37. Rd7 $18 {/\ 38.Qh7
Kf8 39.Qh8!}) (35... Bg4 $2 36. Rdf1 $1 Bf3 37. Qh7+ Kf8 38. Nf5 $18) (35...
Be6 $2 36. Nxe6 Rxe6 (36... fxe6 37. Qh7+ $18) 37. Rd7 Nh4 $8 38. Qxh4 Rh6 39.
Qe1 Rxh1 40. Qxh1 $16) 36. Nxf5 Qe4+ 37. Bc2 Qb4+ 38. Bb3 Qe4+ $10) 35... Rc3
$1 36. Nh6+ $5 (36. Qh2 Rxb3+ 37. axb3 Qxb3+ 38. Ka1 Qc3+ 39. Ka2 Qc4+ $10)
36... Kf8 $8 37. Rhf1 $2 (37. Rd7 $1 Re7 (37... Nxe5 $2 38. Nf5 $1 $18) (37...
Rxb3+ 38. axb3 (38. Qxb3 $2 Qxb3+ 39. axb3 gxh6 40. Rxh6 Rxe5 $17) 38... gxh6
39. Rxh6 $36) 38. Rd8+ Re8 39. Rd7 $10) 37... Nxe5 $1 $17 38. Rd7 (38. Rxf7+
Nxf7 39. Rf1 Rxb3+ 40. axb3 gxh6 $19) 38... Re7 $4 (38... Rxb3+ $1 39. axb3 (
39. Ka1 $2 Qd4+ 40. Rxd4 Rxg3 $19) (39. Qxb3 Qxb3+ 40. axb3 gxh6 $17) 39...
gxh6 $17) 39. Rd8+ $18 Re8 40. Rxe8+ 1-0

[Event "ISR-chT"]
[Site "Israel"]
[Date "2002.05.03"]
[Round "11"]
[White "Gershon, Alik"]
[Black "Bruk, Ofer"]
[Result "1-0"]
[WhiteElo "2558"]
[BlackElo "2406"]
[Annotator "Gershon,A"]
[PlyCount "75"]
[EventDate "2002.01.10"]
[EventType "team"]
[EventRounds "11"]
[EventCountry "ISR"]
[SourceTitle "CBM 088"]
[Source "ChessBase"]
[SourceDate "2002.03.21"]
[SourceVersion "1"]
[SourceVersionDate "2002.03.21"]
[SourceQuality "1"]

1. d4 Nf6 2. c4 e6 3. Nc3 d5 4. cxd5 exd5 5. Bg5 c6 6. Qc2 Na6 7. a3 Nc7 8. e3
Ne6 9. Bh4 g6 10. Bd3 Ng7 11. f3 Nf5 $2 {A careless move, allowing white to
obtain a long term advantage} (11... Be7 12. Nge2 O-O {should have been played}
) 12. Bxf5 $1 gxf5 ({but not:} 12... Bxf5 $2 13. e4 dxe4 14. fxe4 {winning a
piece} Qe7 15. Bxf6 Qxf6 16. exf5 $18) 13. Nge2 Be7 14. Ng3 Ng4 $6 {
objectively, the move is not the best, however, black is trying to change the
course of the game, hoping for white to err in the endgame.} (14... Ng8 $1 {
is the move I was counting on during the game} 15. Bxe7 Nxe7 16. O-O-O Be6 17.
Nh5 $16) 15. Bxe7 ({the alternative:} 15. fxg4 Bxh4 16. gxf5 Qg5 {doesn't
promise much}) 15... Nxe3 16. Bxd8 Nxc2+ 17. Kd2 Nxa1 18. Bf6 Nb3+ 19. Kc2 Rg8
$1 {Black assesses correctly that he must activate at least one rook, to get
any chances.} (19... Nxd4+ 20. Bxd4 Rg8 21. Nce2 Be6 22. Nf4 c5 23. Bf6 d4 24.
Re1 {is anything but good for black. all king side pawns are doomed.}) 20. Kxb3
f4 21. Nh5 $5 (21. Re1+ {would have been more secure. However, I wanted to
keep the initiative.} Be6 22. Nh5 Rxg2 23. Re2) 21... Rxg2 22. Nxf4 Rf2 23. Rg1
Kf8 24. Be5 $1 {the point of white's plan. The rook gets to the 8th rank,
postponing black's development. The only pawns white cares about here, are the
'h' pawns - his own, to run for a promotion and black's, the only thing that
stands on the way.} Rxf3 (24... Ke7 {would lead to the game after:} 25. Rg8
Rxf3 (25... f6 26. Bc7 Rxf3 27. Rg7+ Kf8 28. Rxh7 $18) 26. Rh8 b6 (26... f6 27.
Rxh7+ Kd8 28. Bd6 $18)) ({of course not:} 24... Rxh2 $4 25. Ne6+ {with an easy
win}) 25. Bd6+ Ke8 26. Rg8+ Kd7 27. Be5 {white has achieved his goals: black's
pieces are uncoordinated and the h7 pawn falls.} b6 28. Rh8 Ke7 $1 {gaining an
important tempo. Now, the bishop can go straight to a6 without stopping on b7.}
(28... Bb7 29. Rxh7 Ke7 30. Rg7 Ba6 {would be the same, only a tempo more for
white.}) 29. Rxh7 Ba6 30. Rg7 $1 {Last precise move. It's very important not
to allow black's second rook join the game. Now, with one rook caged on the
8th rank, black cannot organize any serious counterplay.} Bc4+ (30... Rh8 {
of course not:} 31. Ng6+ {winning a rook.}) (30... Rf2 31. Nd1 $1 {the knight
is heading to f5.} Bc4+ 32. Kc3 Rf3+ 33. Kd2) 31. Kc2 Rf2+ 32. Kc1 Bb3 33. Nce2
{so much for black's counterplay. black tries his last chance:} c5 34. Kd2 {
here i was able to calculate a simple but very effective variation which wins
on the spot. White's threat is simple: Ke1 and Ng3-f5. Once the knight gets to
f5 the game is over.} (34. Ng3 $2 {too risky would have been:} Rc2+ 35. Kb1 $4
(35. Kd1 Rxb2+) 35... Rd2 36. Nf5+ Kd7 37. Rxf7+ Kc6 {and it's unclear all of
a sudden.}) 34... cxd4 35. Ke1 Rf3 36. Ng6+ $1 {an important intermidiate move,
protecting the bishop. The rest is forced} ({the "automatic"} 36. Nxd4 $2 Re3+
37. Kd2 Rxe5 38. Nxb3 (38. Ng6+ $4 Kf6 39. Nxe5 Kxg7 40. Nxb3 Rh8 {and only
black can win}) 38... Rh8 {would make white's chances problematic.}) 36... Kd7
37. Nxd4 Rd3 38. Rxf7+ {black gets mated by force:} (38. Rxf7+ Kc8 39. Rc7+ Kd8
40. Nc6+ Ke8 41. Re7#) 1-0

[Event "Mermaid Beach Club"]
[Site "Bermuda"]
[Date "1999.01.26"]
[Round "6"]
[White "Gershon, Alik"]
[Black "Chandler, Murray G"]
[Result "1-0"]
[WhiteElo "2467"]
[BlackElo "2520"]
[Annotator "Gershon,A"]
[PlyCount "76"]
[EventDate "1999.01.21"]
[EventType "tourn"]
[EventRounds "13"]
[EventCountry "BER"]
[EventCategory "9"]
[SourceTitle "EXT 2001"]
[Source "ChessBase"]
[SourceDate "2000.11.22"]
[SourceVersion "1"]
[SourceVersionDate "2000.11.22"]
[SourceQuality "1"]

1. d4 Nf6 2. c4 e6 3. Nc3 d5 4. cxd5 exd5 5. Bg5 c6 6. Qc2 Be7 7. e3 Nbd7 8.
Bd3 Nh5 9. Bxe7 Qxe7 10. Nge2 g6 11. O-O O-O 12. Rae1 (12. Rab1 Ndf6 (12... Ng7
13. b4 a6 14. a4 Nf6 15. b5 axb5 16. axb5 Bf5 17. Nf4 Rfc8 18. bxc6 bxc6 19.
Na4 Rc7 20. Rfc1 Qd6 21. h3 g5 22. Nb6 Re8 23. Ne2 Bxd3 24. Qxd3 Ne4 25. Nc3 f5
26. Nxe4 fxe4 27. Qd1 h5 28. Na4 {1/2-1/2 Baburin,A-King,D/Dublin 1995/CBM 46
ext (28)}) (12... a5 13. a3 Nb6 14. Na4 Nxa4 15. Qxa4 Ng7 16. b4 b5 17. Qc2 Bd7
18. Nc1 axb4 19. axb4 Ra4 20. Qc5 Qxc5 21. bxc5 Ra3 22. Bc2 Bf5 23. Bxf5 Nxf5
24. Rd1 Rfa8 25. Nd3 {1/2-1/2 Wang Lei-Khurtsidze,N/Leon 1996/EXT 98 (45)}) (
12... Nb6 13. b4 a6 14. a4 Ng7 15. b5 axb5 16. axb5 c5 17. dxc5 Qxc5 18. Nd4
Bd7 19. Ne4 Qe7 20. Qc5 Qd8 21. Nd6 Na4 22. Qxd5 Nc3 23. Qxb7 Rb8 24. Qa7 Nxb1
25. Rxb1 $13 {1/2-1/2 Georgiev,K-King,D/Germany 1997/GER-chT (41)}) 13. b4 Be6
14. f3 b6 15. Qd2 Rfd8 16. Rfc1 Ng7 17. Nd1 Bd7 18. Nf2 Rac8 19. Rb2 Bf5 20.
Rbc2 Re8 21. Rxc6 (21. Nd1 $142) 21... Rxc6 22. Rxc6 Qxe3 23. Qxe3 Rxe3 $15 {
0-1 Vaisser,A-Dukhov,A/Moscow 1992/EXT 97 (69)}) (12. Qd2 Ndf6 13. f3 Be6 14.
e4 Rad8 15. e5 Nd7 16. f4 Ng7 17. h3 f5 18. Kh2 c5 19. dxc5 Nxc5 20. Nb5 a6 21.
Nbd4 Rc8 22. Rac1 $16 {1-0 Garcia Ilundain,D-Piankov,E/Leon 1998/EXT 99 (43)})
12... Nb6 13. Nc1 {Preventing f7-f5. Now on f5 white will have Be2.} (13. Na4
Nxa4 14. Qxa4 $14) 13... Re8 $6 (13... Ng7 $142) 14. Na4 $2 {White mixes
between two plans, and with that he should've lost the advantage.} (14. Nb3 $14
{[%cal Gf2f3,Ge3e4,Gb3c5] /+/-}) 14... Nxa4 15. Qxa4 Nf4 16. Be2 (16. Bb1 Nxg2
{Chandler} 17. Kxg2 Qh4 18. Ne2 Bh3+ 19. Kh1 Qg4 20. Nf4 g5 21. Nxh3 Qf3+)
16... Nxe2+ 17. Rxe2 Bf5 18. Qb3 h5 $6 (18... a5 $142 {with the idea of Qb4,
and now white probably has nothing better then Nd3 with and equality.} 19. Nd3
(19. a3 h5 20. Qc3 h4 21. b4 axb4 22. axb4 Ra4 $15 {[%cal Ga8a1]})) 19. Qc3 h4
$2 {Now was the last chance to play a5. After the text black is slightly but
permanently worse since his play on the K side is much less effective then
white's in the center and on the Q side.} 20. f3 Qg5 21. b4 Re7 22. Nb3 Rae8
23. Kf2 $138 Qf6 24. Kg1 (24. Nc5 h3 25. g3 Bg4 26. Kg1 Bxf3 (26... Bf5) 27.
Ref2 Rxe3 28. Rxf3 Qxf3 29. Rxf3 Rxc3 30. Rxc3 Re1+ 31. Kf2 Rh1 $13) 24... Qg5
25. Rfe1 Qh5 (25... h3 26. g3 (26. g4 $2 Bxg4 27. fxg4 Qxg4+ 28. Kh1 Rxe3 $1
$19)) 26. Nd2 Qg5 27. a4 b6 (27... h3 $142 {Creating some mating motives in
the future.} 28. g3 b6) 28. e4 dxe4 29. fxe4 Bg4 30. Rf2 Rd8 31. Ref1 (31. e5
Bf5 32. Nc4 $1 $16 (32. Qxc6 Rc8 33. Qf3 Rc2 $44)) 31... h3 $1 (31... Red7 32.
h3 Rxd4 (32... Be6 33. Qxc6) 33. hxg4 Rxd2 34. Rxf7 $18 R2d4 $140 (34... Qh6
35. g5 $18) {[%tqu "De","Please find the fastest way to finish the game.","",
"","c3d4","",10]} 35. Qxd4 $1 Rxd4 36. Rf8+ Kg7 37. R1f7+ Kh6 38. Rh8#) 32. Qg3
$138 (32. e5 Bf5 33. Nc4 Be4 34. Qxh3 Rxd4 35. Nd6 Bd5 36. Qc8+ Kg7 37. Ne8+
Rxe8 38. Qxe8 Qe3 39. e6 $1 Bxe6 40. Qe7 $14) 32... Qh5 33. Qe3 hxg2 34. Rxg2
Bh3 35. Rg5 Qh6 36. Rf3 Bc8 37. e5 $4 $138 {After his last move black had ony
1 second left.} (37. Rfg3 $16 {[%csl Gh6][%cal Ge4e5,Ye4f6,Gd2e4,Ye4d6]}) 37...
Rxd4 38. Rfg3 Rxb4 $138 {Here black's flag fell but his position is actually
winning already.} (38... Rxb4 39. Rxg6+ Qxg6 40. Rxg6+ fxg6 41. Qd3 Rf7 $1 $19)
1-0

[Event "EU-ch 2nd"]
[Site "Ohrid"]
[Date "2001.06.06"]
[Round "6"]
[White "Gershon, Alik"]
[Black "Jussupow, Artur"]
[Result "1/2-1/2"]
[WhiteElo "2539"]
[BlackElo "2645"]
[Annotator "Gershon,A"]
[PlyCount "76"]
[EventDate "2001.06.01"]
[EventType "swiss"]
[EventRounds "13"]
[EventCountry "YUG"]
[SourceTitle "CBM 084"]
[Source "ChessBase"]
[SourceDate "2001.09.13"]
[SourceVersion "1"]
[SourceVersionDate "2001.09.13"]
[SourceQuality "1"]

1. d4 Nf6 2. c4 e6 3. Nc3 d5 4. cxd5 exd5 5. Bg5 Be7 6. e3 Nbd7 7. Nf3 O-O 8.
Bd3 Re8 9. Qc2 Nf8 10. h3 Be6 11. O-O c6 12. a3 (12. Bf4 $6 Bd6 13. Bxd6 Qxd6
14. Rab1 Re7 15. b4 Rae8 16. Rfc1 Ng6 17. b5 c5 $15 {0-1 Van Wely,L-Jussupow,A/
Frankfurt 2000/CBM 76 ext (25)}) 12... Rc8 13. b4 N6d7 14. Bf4 Nb6 $146 {
[%cal Gb6c4,Gb6a4] In this game black chooses a different plan from what he
has opted for against Topalov. The text makes more sense. The N aims for 'c4'
meanwhile not letting white N to get to c5 via a4} (14... Ng6 15. Bg3 Ndf8 16.
Na4 Bd6 17. Bxd6 Qxd6 18. Nc5 Rc7 19. Rac1 Bc8 20. Rfe1 Qf6 21. Qd1 Ne6 22.
Nxe6 Bxe6 23. b5 Rec8 24. bxc6 Rxc6 25. Rxc6 Rxc6 26. Qb3 $14 {1-0 Topalov,
V-Jussupow,A/Frankfurt 2000/CBM 76 ext (68)}) 15. Nd2 {[%csl Rc4][%cal Gd2c4,
Yd2b3,Yb3c5] A very flexible move: the N keeps and eye on both c4 and c5 (via
b3)} Bd6 16. Bxd6 Qxd6 17. Ne2 {[%cal Gf1c1,Gc2c5] As it usually happens in
this structure, the N switch -while the Q sided N goes to the K sided and vice
versa - is favorable for white.  The N from 'e2' can be very useful in defense,
while he has cleared the 'c' file to the heavy pieces.} Nbd7 $6 {A bit too
early. once black has moved the N white's game begins to flow.} (17... Rc7 $142
18. Rfc1 Bc8 {[%cal Gd6h6,Yf8e6,Ye6g5] with a balanced position}) 18. Nb3 Rc7
19. Rfc1 {[%cal Gb4b5]} a6 (19... Rec8 {Black is,usually, not very happy to
place both his rooks so passively} 20. Nc5 Nxc5 21. Qxc5 Qxc5 22. Rxc5 $14 {
[%cal Ga1c1,Gb4b5]}) 20. Nc5 $14 Nxc5 21. Qxc5 Qxc5 {almost forced. If black
adoids the Q exchange his position would get too passive.} (21... Qd8 22. a4 {
[%cal Gb4b5]} Nd7 23. Qd6 $16) 22. bxc5 $6 {After this move it's extremely
difficult for white to reach black's weakness on b7. Needless to say that
while taking on c5 with a pawn I saw the dream position in my mind: N vs B
ending with white K penetrating to b6 and N to a5... It was just a dream of
course.} (22. Rxc5 $142 Bd7 {[%cal Ge8e6]} 23. a4 Ne6 24. Rc2 $14 {[%cal Gd3f5]
/+/-}) 22... Bc8 23. Rab1 g6 $1 (23... Ne6 $2 24. Bf5 $1 $16 {black cannot
allow white to change B on N, as then he will be strategically lost!( The B is
very weak.). However, if he swaps the B the b7 P will become weak..}) 24. Rc3 {
[%csl Re3][%cal Gc3e3] at some point black might try to get counterplay
against the e3 P. Thus is't better to prepare for it in advance.} Ne6 25. Nc1 {
[%csl Ye5][%cal Yc1d3,Gd3e5] in case of f7-f5 white should be ready to go to e5
} Kg7 26. Bc2 $6 (26. Rb2 $142 {[%cal Gd3b1,Gf2f3,Yg1f2]}) 26... f6 27. f3 Rce7
28. Kf2 Nd8 29. Rb2 Nf7 30. Bb1 Nh6 31. Nb3 $2 {A wrong plan! White takes his
N to a5, too far away from the center.} (31. g4 $5 $14 {[%cal Gc1e2,Ge2g3,
Ge3e4] /+/-}) 31... Nf7 32. Na5 Nd8 33. Rd2 {[%cal Ge3e4] Now e3-e4 is already
a threat. (One of the main ideas behind putting the N on a5 was that it goes
to c4 after e3-e4 dxe4.} f5 $1 {[%csl Ra5]} 34. f4 {[%csl Re5] Black has
weakenned the e5 square finally, but the N is far far awau from it. Now white
has to play carefully not to get worse.} h6 {[%cal Gg6g5]} 35. Nb3 g5 36. Nc1
$1 {[%cal Gc1e2]} (36. g3 $143 gxf4 37. gxf4 Kf6 {[%cal Ge7g7,Ge8g8,Yg7g1]} 38.
Kf3 Be6 39. Rg2 Bf7 $15) 36... Kf6 (36... gxf4 37. exf4 Re1 38. Bd3 Rh1 (38...
R8e3 $140 $4 39. Ne2 $18) 39. Bf1 {[%csl Rh1]} Re4 40. Ne2 $16) 37. g3 (37. Bc2
gxf4 38. exf4 Ne6 $15) 37... Ne6 38. Bc2 h5 (38... h5 39. h4 g4 $11 (39... gxh4
40. gxh4 Rg7 41. Bd1 Reg8 42. Bf3 Rg3 43. Rd1 Rh3 44. Rh1 Rxh1 45. Bxh1 Rg4 46.
Bf3 Rxh4 47. Kg3 Rg4+ 48. Bxg4 fxg4 49. Nd3 {And black seems not to have
enough compensation.})) 1/2-1/2